000
00282nam a2200109Ia 4500
008
200302s9999 xx 000 0 und d
100
_a
Albrto Alessi
245
_a
Singular Plural (Geninasca Delfortrie Architects)
260
_b
Birkhauser Verlag Gmbh
260
_c
2012
300
_a
325
999
_c
6171
_d
6171